Jane's facility security handbook / (Record no. 60757)

000 -LEADER
fixed length control field 01336cam a22003494a 4500
001 - CONTROL NUMBER
control field 13894005
003 - CONTROL NUMBER IDENTIFIER
control field NUST-PNEC
005 - DATE AND TIME OF LATEST TRANSACTION
control field 20170116180707.0
008 - FIXED-LENGTH DATA ELEMENTS--GENERAL INFORMATION
fixed length control field 050309s2000 vau f 000 0 eng c
010 ## - LIBRARY OF CONGRESS CONTROL NUMBER
LC control number 2005700021
015 ## - NATIONAL BIBLIOGRAPHY NUMBER
National bibliography number GBA0-51118
020 ## - INTERNATIONAL STANDARD BOOK NUMBER
International Standard Book Number 0710622880
035 ## - SYSTEM CONTROL NUMBER
System control number (CStRLIN)NYPGR44695453-B
035 ## - SYSTEM CONTROL NUMBER
System control number (OCoLC)44695453
035 ## - SYSTEM CONTROL NUMBER
System control number (WaOLN)M030000113
040 ## - CATALOGING SOURCE
Original cataloging agency *UKM*
Transcribing agency PNEC
Modifying agency TxCM
042 ## - AUTHENTICATION CODE
Authentication code pcc
043 ## - GEOGRAPHIC AREA CODE
Geographic area code n-us---
050 00 - LIBRARY OF CONGRESS CALL NUMBER
Classification number TH9730
Item number .K69 2000
082 00 - DEWEY DECIMAL CLASSIFICATION NUMBER
Classification number 363.28 KOZ
100 1# - MAIN ENTRY--PERSONAL NAME
Personal name Kozlow, Christopher,
Dates associated with a name 1965-
245 10 - TITLE STATEMENT
Title Jane's facility security handbook /
Statement of responsibility, etc. Christopher Kozlow, John Sullivan.
260 ## - PUBLICATION, DISTRIBUTION, ETC.
Place of publication, distribution, etc. Alexandria, Va. :
Name of publisher, distributor, etc. Jane's Information Group,
Date of publication, distribution, etc. 2000.
300 ## - PHYSICAL DESCRIPTION
Extent 320 p. ;
Dimensions 16 cm.
500 ## - GENERAL NOTE
General note http://www.amazon.com/Facility-Security-Handbook-Christopher-Kozlow/dp/0710622880/ref=sr_1_1?s=books&ie=UTF8&qid=1411709919&sr=1-1&keywords=0710622880
650 #0 - SUBJECT ADDED ENTRY--TOPICAL TERM
Topical term or geographic name entry element Security systems
Form subdivision Handbooks, manuals, etc. - MIS
700 1# - ADDED ENTRY--PERSONAL NAME
Personal name Sullivan, John P.,
Dates associated with a name 1959-
710 2# - ADDED ENTRY--CORPORATE NAME
Corporate name or jurisdiction name as entry element Jane's Information Group.
906 ## - LOCAL DATA ELEMENT F, LDF (RLIN)
a 7
b cbc
c pccadap
d 2
e ncip
f 20
g y-gencatlg
942 ## - ADDED ENTRY ELEMENTS (KOHA)
Source of classification or shelving scheme
Koha item type Book
Holdings
Withdrawn status Lost status Source of classification or shelving scheme Damaged status Not for loan Permanent Location Current Location Shelving location Date acquired Source of acquisition Cost, normal purchase price Total Checkouts Full call number Barcode Date last seen Cost, replacement price Price effective from Koha item type
          Pakistan Navy Engineering College (PNEC) Pakistan Navy Engineering College (PNEC) Reference 06/13/2006 Progressive International Agency 946.00   363.28 KOZ PNECLIB-028016 09/26/2014 946.00 06/13/2006 Book
© 2023 Central Library, National University of Sciences and Technology. All Rights Reserved.